Current mode approach to Sigma-Delta modulators / (Rekord nr 9652)
| 000 -ETYKIETA REKORDU | |
|---|---|
| podpole kontrolne o stałej długości | 00859naa a22001817a 4500 |
| 001 - NUMER KONTROLNY REKORDU | |
| podpole kontrolne | 9652 |
| 003 - IDENTYFIKATOR NUMERU KONTROLNEGO REKORDU | |
| podpole kontrolne | KOSZ 005 |
| 005 - DATA OSTATNIEJ MODYFIKACJI REKORDU | |
| podpole kontrolne | 20180430104859.0 |
| 008 - POLE O STAŁEJ DŁUGOŚCI - DANE KONTROLNE | |
| podpole kontrolne o stałej długości | 160302b1998 pl ||||| |||| 10| 0 eng |
| 040 ## - ŹRÓDŁO KATALOGOWANIA | |
| Instytucja, która utworzyła rekord | BPK |
| Instytucja, która dokonała modyfikacji | KOSZ 005/EG |
| 041 ## - KOD JĘZYKA | |
| Kod języka tekstu | eng |
| 100 1# - NAZWA OSOBOWA | |
| Nazwa osobowa | WAWRYN, Krzysztof. |
| Lata pracy | 1996 - . |
| Instytucja | Politechnika Koszalińska - Wydział Elektroniki, |
| Wydział | Katedra Systemów Cyfrowego Przetwarzania Sygnałów |
| 245 10 - TYTUŁ/ODPOWIEDZIALNOŚĆ | |
| Tytuł | Current mode approach to Sigma-Delta modulators / |
| Pozostałe elementy strefy tytułu i oznaczenia odpowiedzialności | Krzysztof Wawryn, Robert Suszyński. |
| 655 #0 - TERMIN INDEKSOWY - OKREŚLENIE RODZAJU/FORMY DOKUMENTU | |
| Określnie rodzaju/formy dokumentu | Materiały konferencyjne. |
| 700 1# - HASŁO DODATKOWE - NAZWA OSOBOWA | |
| Nazwa osobowa | SUSZYŃSKI, Robert. |
| Instytucja | Politechnika Koszalińska - Wydział Elektroniki, |
| Wydział | Katedra Systemów Cyfrowego Przetwarzania Sygnałów |
| Lata pracy | 1996 - . |
| 773 0# - TYTUŁ DOKUMENTU MACIERZYSTEGO | |
| Wyrażenie wprowadzające | W : |
| Tytuł | ISCAS '98 - Proceedings of the 1998 IEEE International Symposium on Circuits and Systems. - |
| Adres wydawniczy | Monterey, California, USA, 1998 |
| 942 ## - HASŁO DODATKOWE - ELEMENTY(KOHA) | |
| Typ dokumentu | Rozdział |
| Schemat klasyfikacji | Uniwersalna klasyfikacja dziesiętna |
Brak dostępnych egzemplarzy.
